Tesoros documentales de México, siglo XVIII : Priego, Zelis, Clavijero /
Compilación del historiador y jesuita Mariano Cuevas (1879-1949), quien recupera y presenta documentos históricos escritos por tres de los hermanos de la Compañía de Jesús que debieron abandonar México en 1767, cuando Carlos III expulsó a la orden de todos los dominios españoles: los religiosos Anto...
Gespeichert in:
| 1. Verfasser: | |
|---|---|
| Weitere Verfasser: | , , |
| Format: | Buch |
| Sprache: | Spanisch |
| Veröffentlicht: |
México :
Galatea,
1944
|
| Schlagworte: | |
| Tags: |
Keine Tags, Fügen Sie das erste Tag hinzu!
|
MARC
| LEADER | 00000nam^a2200000^a^4500 | ||
|---|---|---|---|
| 001 | 000104703 | ||
| 005 | 20250521000000.0 | ||
| 009 | 20260310093432.476 | ||
| 037 | |a Acervo ITESO - Biblioteca | ||
| 041 | |a ESP | ||
| 082 | |a 255. 530097203 |b CUE | ||
| 100 | |a Cuevas, Mariano |e (compilación y prólogo) | ||
| 240 | 1 | 1 | |a [Tesoros documentales de México, siglo XVIII] |
| 245 | 1 | 0 | |a Tesoros documentales de México, siglo XVIII : |b Priego, Zelis, Clavijero / |c Comp. y pról. de M. Cuevas. |
| 264 | 1 | |a México : |b Galatea, |c 1944 | |
| 300 | |a 405 p., [5 láminas], 1 plano | ||
| 336 | |a texto |b txt |2 rdacontenido | ||
| 337 | |a sin mediación |b n |2 rdamedio | ||
| 338 | |a volumen |b nc |2 rdasoporte | ||
| 520 | |a Compilación del historiador y jesuita Mariano Cuevas (1879-1949), quien recupera y presenta documentos históricos escritos por tres de los hermanos de la Compañía de Jesús que debieron abandonar México en 1767, cuando Carlos III expulsó a la orden de todos los dominios españoles: los religiosos Antonio López de Priego (1730-1802), Rafael de Zelis (1747-1798) y el muy ilustre Francisco Xavier Clavigero (1731-1787). | ||
| 649 | |a XX | ||
| 650 | |a Jesuitas en México - |x Historia - |y Expulsión, 1767 - |x Tema Principal | ||
| 650 | |a Jesuitas en México - |x Historia - |y Epoca Colonial, 1517-1821 - |x Tema Principal | ||
| 650 | |a Jesuitas en México - |x Catálogos | ||
| 650 | |a Monasticismo y Ordenes Religiosas - |z México - |x Historia - |y Epoca Colonial, 1517-1821 | ||
| 650 | |a Iglesia Católica en México - |x Historia - |y Epoca Colonial, 1517-1821 | ||
| 650 | |a Iglesia y Estado - |z México - |x Historia - |y Epoca Colonial, 1517-1821 | ||
| 650 | |a Política y Religión - |z México - |x Historia - |y Epoca Colonial, 1517-1821 | ||
| 650 | |a Comercio - |z México - |x Historia - |y Epoca Colonial, 1517-1821 | ||
| 650 | |a Industria - |z México - |x Historia - |y Epoca Colonial, 1517-1821 | ||
| 650 | |a Economía - |z México - |x Historia - |y Epoca Colonial, 1517-1821 | ||
| 650 | |a México (Ciudad) - |x Historia - |y Virreinato, 1535-1821 | ||
| 650 | |a Puebla (Ciudad) - |x Historia - |y Virreinato, 1535-1821 | ||
| 650 | |a México - |x Historia - |y Siglo XVIII | ||
| 650 | |a México - |x Historia - |y Virreinato, 1535-1821 | ||
| 650 | |a México - |x Historia - |y Epoca Colonial, 1517-1821 | ||
| 650 | |a México - |x Historia - |x Documentos | ||
| 650 | |a España - |x Historia - |y Carlos III, 1759-1788 | ||
| 650 | |a España - |x Historia - |y Siglo XVIII | ||
| 650 | |a España - |x Historia - |y Borbones, 1700-1931 | ||
| 700 | |a López de Priego, Antonio |e (autor) | ||
| 700 | |a Zelis, Rafael de |e (autor) | ||
| 700 | |a Clavigero, Francisco Xavier |e (autor) | ||
| 740 | 0 | |a Carta de un religioso de los extintos jesuitas, a una hermana suya, religiosa del Convento de Santa Catarina de la Puebla de los Angeles : |b escrita en la ciudad de Bolonia en 1° de octubre de 1785 : trata de lo acaecido a estos religiosos desde el día de su arresto, hasta esta fecha, con varias noticias de la Italia y ciudad de Roma / |c A. López de Priego ; comp. y pról. de M. Cuevas. | |
| 740 | 0 | |a Viajes en su destierro del P. Rafael de Zelis, de la Compañía de Jesús / |c R. de Zelis ; comp. y pról. de M. Cuevas. | |
| 740 | 0 | |a Breve descripción de la Provincia de México de la Compañía de Jesús, según el estado en que se hallaba el año de 1767 / |c F.X. Clavigero ; comp. y pról. de M. Cuevas. | |
| 740 | 0 | |a Frutos en que comercia o puede comerciar la Nueva España / |c Comp. y pról. de M. Cuevas. | |
| 740 | 0 | |a Proyectos útiles para adelantar el comercio de la Nueva España / |c Comp. y pról. de M. Cuevas. | |
| 910 | |a Fondo Jesús Rodríguez | ||
| 920 | |a Impresos - Libros | ||
| 930 | |a Fondos Especiales | ||
| 940 | |a Jesuitas | ||
| 905 | |a 113 | ||
| 901 | |a 0500040613 |b IT2 |c ESP |u 20250521 | ||
| 902 | |a https://opac.biblio.iteso.mx/vufind/Record/000104703 | ||